Rhetorica de Don Gregorio Mayans I Siscar (Record no. 10901)

MARC details
000 -CABECERA
campo de control de longitud fija 01014nam a22002537a 4500
001 - NÚMERO DE CONTROL
campo de control BRCA_9282
003 - IDENTIFICADOR DEL NÚMERO DE CONTROL
campo de control FranzMayer
005 - FECHA Y HORA DE LA ÚLTIMA TRANSACCIÓN
campo de control 20230726143312.0
008 - DATOS DE LONGITUD FIJA--INFORMACIÓN GENERAL
campo de control de longitud fija 230721b |||||||| |||| 00| 0 eng d
040 ## - FUENTE DE LA CATALOGACIÓN
Centro catalogador/agencia de origen MFM
Lengua de catalogación esp
Centro/agencia transcriptor MFM
050 #4 - SIGNATURA TOPOGRÁFICA DE LA BIBLIOTECA DEL CONGRESO
Número de clasificación LE59
Número de documento/Ítem M39 1757
082 ## - NÚMERO DE LA CLASIFICACIÓN DECIMAL DEWEY
Número de edición BJ1500.S65
100 1# - ENTRADA PRINCIPAL--NOMBRE DE PERSONA
Código de función/relación Autor
Nombre de persona Mayáns I Siscar, Don Gregorio
9 (RLIN) 28909
240 1# - TÍTULO UNIFORME
Título uniforme Rhetorica de Don Gregorio Mayans I Siscar
Medio Tomo I
Lenguaje de la obra español
245 ## - MENCIÓN DE TÍTULO
Título Rhetorica de Don Gregorio Mayans I Siscar
Resto del título Tomo I
260 ## - PUBLICACIÓN, DISTRIBUCIÓN, ETC.
Lugar de publicación, distribución, etc. San Martín, España
Nombre del editor, distribuidor, etc. Herederos de Geronimo Conejos
Fecha de publicación, distribución, etc. 1757
300 ## - DESCRIPCIÓN FÍSICA
Extensión 373 p
Dimensiones 18 cm
440 ## - MENCIÓN DE SERIE/PUNTO DE ACCESO ADICIONAL--TÍTULO
Título Rhetorica de Don Gregorio Mayans I Siscar
Número de parte o sección de la obra Tomo I
9 (RLIN) 28910
500 ## - NOTA GENERAL
Nota general El libro contiene daño en varías páginas, especialmente en la primera parte del libro.
505 0# - NOTA DE CONTENIDO CON FORMATO
Nota de contenido con formato Texto en: españolDirigido a: filósofos, estudiosos, retóricosIncluye índice temático
650 1# - PUNTO DE ACCESO ADICIONAL DE MATERIA--TÉRMINO DE MATERIA
Fuente del encabezamiento o término Filosofía
Término de materia o nombre geográfico como elemento de entrada Ética
Subdivisión de forma Temas especiales
9 (RLIN) 28911
651 2# - PUNTO DE ACCESO ADICIONAL DE MATERIA--NOMBRE GEOGRÁFICO
Fuente del encabezamiento o término Ética
Nombre geográfico Retórica
Subdivisión de forma El arte del discurso
9 (RLIN) 28912
942 ## - ELEMENTOS DE PUNTO DE ACCESO ADICIONAL (KOHA)
Fuente del sistema de clasificación o colocación Library of Congress Classification
Tipo de ítem Koha Libros
Holdings
Estado de retiro Estado de pérdida Fuente del sistema de clasificación o colocación Estado dañado No para préstamo Código de colección Localización permanente Ubicación/localización actual Fecha de adquisición Fuente de adquisición Total de préstamos Signatura topográfica completa Código de barras Fecha visto por última vez Precio válido a partir de Tipo de ítem Koha
El ejemplar forma parte de la colección y puede ser consultado según las políticas vigentes.   Library of Congress Classification     Conventual Franz Mayer Biblioteca del Museo Franz Mayer (Rogerio Casas-Alatriste) Biblioteca del Museo Franz Mayer (Rogerio Casas-Alatriste) 21/07/2023 Donación   LE59 M39 1757 CFM00518 21/07/2023 21/07/2023 Libros